Quizzes
Events
Quiz Creation
Community
Videos
Private Events
Remove Ads
Sign In
Join for FREE
Feedback
Dark Mode
Quiz Categories
Sports
Geography
Music
Movies
Television
Just For Fun
Miscellaneous
History
Literature
Language
Science
Gaming
Entertainment
Religion
Holiday
For Kids
Quiz Lab
Recent
Popular Today
Quiz Kudos Today
Editor Picks
Curator Picks
Quizzes by...
Day
Popularity
Type
Ratings
Length
Year
Community
Subscriptions
Recent Discussions
Orange Saloon
Badges
Playlists
Quests
Create
Leaderboards
Showdown
Live 5
Trivia Bingo
Activity
Puzzle Library
Sporcle Events
Private Events
Virtual Trivia
Globe League
Become a Host
Pub Owners
SporcleCon
Opinionation
Our Games
Videos
Blog
Mobile Apps
Partnerships
Remove Ads and Go Orange
Feedback
Sports
Athletes
MLB
NBA
NHL
NFL
Soccer
Sports Teams
WWE
NCAA
Football
Premier League
Basketball
Baseball
Hockey
Golf
Tennis
Cricket
Rugby
Auto Racing
Olympics
World Cup
Sports
Athletes
MLB
NBA
NHL
NFL
Soccer
Sports Teams
WWE
NCAA
Football
Premier League
Basketball
Baseball
Hockey
Golf
Tennis
Cricket
Rugby
Auto Racing
Olympics
World Cup
Random Quiz
Search Sporcle
×
Quiz Lab
Quiz Lab
Sports
Basketball
Type in answers that appear in a list
Type in answers that appear in a list
Classic
Best Score? Go Orange.
Colleges/Countries of NBA 1st Rd Draft Picks Since 2010 Stats
Colleges and Countries of NBA First Round Draft Picks Since 2010
By
reedgaston
10m
210 Questions
571 Plays
571 Plays
571 Plays
Comments
Comments
Give Quiz Kudos
Give Quiz Kudos
-
- Ratings
hide this ad
Replay
Link that replays current quiz
Next Quiz
Link to next quiz in quiz playlist
You Got
0%
They Got
Avg Score
83%
Avg Friend Score
Upgrade to see
Score Distribution
Jump to the score distribution portion of the page
Score
0/210
Timer
10:00
0
Plays Today
Year
College/Country
% Correct
2011
Duke
99.1%
2011
Duke
99.1%
2012
Duke
99.1%
2012
Duke
99.1%
2013
Duke
99.1%
2014
Duke
99.1%
2014
Duke
99.1%
2015
Duke
99.1%
2015
Duke
99.1%
2015
Duke
99.1%
2016
Duke
99.1%
2010
Kentucky
98.9%
2010
Kentucky
98.9%
2010
Kentucky
98.9%
2010
Kentucky
98.9%
2010
Kentucky
98.9%
2011
Kentucky
98.9%
2012
Kentucky
98.9%
2012
Kentucky
98.9%
2012
Kentucky
98.9%
2012
Kentucky
98.9%
2013
Kentucky
98.9%
2013
Kentucky
98.9%
2014
Kentucky
98.9%
2014
Kentucky
98.9%
2015
Kentucky
98.9%
2015
Kentucky
98.9%
2015
Kentucky
98.9%
2015
Kentucky
98.9%
2016
Kentucky
98.9%
2016
Kentucky
98.9%
2010
Kansas
97.9%
2010
Kansas
97.9%
2011
Kansas
97.9%
2011
Kansas
97.9%
2012
Kansas
97.9%
2013
Kansas
97.9%
2014
Kansas
97.9%
2014
Kansas
97.9%
2015
Kansas
97.9%
2010
North Carolina
97.2%
2012
North Carolina
97.2%
2012
North Carolina
97.2%
2012
North Carolina
97.2%
2012
North Carolina
97.2%
2013
North Carolina
97.2%
2014
North Carolina
97.2%
2016
North Carolina
97.2%
2013
Michigan
95.8%
2013
Michigan
95.8%
2014
Michigan
95.8%
2014
Michigan
95.8%
2016
Michigan
95.8%
2010
Ohio State
95.6%
2012
Ohio State
95.6%
2015
Ohio State
95.6%
2013
UCLA
94.9%
2014
UCLA
94.9%
2014
UCLA
94.9%
2014
UCLA
94.9%
2015
UCLA
94.9%
2016
Oklahoma
94.4%
2011
Connecticut
94%
2012
Connecticut
94%
2012
Connecticut
94%
2014
Connecticut
94%
2010
Syracuse
93.7%
2011
Arizona
93.7%
2012
Syracuse
93.7%
2012
Syracuse
93.7%
Year
College/Country
% Correct
2013
Indiana
93.7%
2013
Indiana
93.7%
2013
Syracuse
93.7%
2013
Arizona
93.7%
2014
Arizona
93.7%
2014
Indiana
93.7%
2014
Syracuse
93.7%
2015
Arizona
93.7%
2015
Arizona
93.7%
2015
Syracuse
93.7%
2016
Syracuse
93.7%
2010
Texas
93.5%
2010
Texas
93.5%
2011
Texas
93.5%
2011
Texas
93.5%
2011
Texas
93.5%
2015
Texas
93.5%
2014
Michigan State
93%
2014
Michigan State
93%
2012
Florida
92.6%
2016
Michigan State
92.5%
2010
Washington
92.1%
2012
Washington
92.1%
2012
Washington
92.1%
2014
Washington
92.1%
2016
Washington
92.1%
2016
Washington
92.1%
2010
Oklahoma State
90.5%
2014
Oklahoma State
90.5%
2010
Georgetown
90.2%
2013
Georgetown
90.2%
2013
UNLV
89.7%
2013
Georgia
89.7%
2015
UNLV
89.7%
2010
Butler
89.3%
2010
France
89.1%
2012
France
89.1%
2013
France
89.1%
2013
France
89.1%
2015
LSU
89.1%
2016
LSU
89.1%
2016
France
89.1%
2015
Wisconsin
87.6%
2015
Wisconsin
87.6%
2016
Spain
87.2%
2016
France
86.7%
2013
Greece
86.5%
2016
Greece
86.5%
2011
Washington State
86.3%
2013
Gonzaga
85.5%
2016
Gonzaga
85.5%
2013
Germany
84.8%
2010
Georgia Tech
84.6%
2011
Georgia Tech
84.6%
2013
Louisville
84.6%
2015
Louisville
84.6%
2010
Maryland
84.4%
2013
Maryland
84.4%
2010
Marquette
83.7%
2011
Marquette
83.7%
2016
Marquette
83.7%
2014
Creighton
83.4%
2016
California
82.5%
2016
Sudan
82.1%
2010
Baylor
82%
2012
Baylor
82%
2016
Baylor
82%
2011
Brigham Young
81.3%
2011
San Diego State
80.9%
2014
Australia
80.9%
Year
College/Country
% Correct
2015
Congo
80.9%
2013
Pittsburgh
80.6%
2015
Utah
80.6%
2016
Utah
80.6%
2011
Spain
79.2%
2011
Turkey
78.3%
2016
Turkey
78.3%
2013
Miami
78.1%
2011
Florida State
77.9%
2016
Florida State
77.9%
2012
Weber State
76.7%
2011
Providence
76.4%
2016
Providence
76.4%
2015
Latvia
75.5%
2010
Wake Forest
74.6%
2014
North Carolina State
74.1%
2013
Brazil
73.6%
2014
Brazil
73.6%
2015
Croatia
73.6%
2012
Illinois
73.2%
2015
Virginia
72%
2015
Arkansas
71.8%
2011
Lithuania
71.6%
2011
Lithuania
71.6%
2014
Croatia
71.5%
2016
Croatia
71.5%
2013
Russia
71.3%
2013
Serbia
70.9%
2014
Serbia
70.9%
2015
Serbia
70.9%
2011
Southern California
70.4%
2015
Notre Dame
70.4%
2011
Tennessee
70.2%
2011
Colorado
69.5%
2013
Colorado
69.5%
2010
Fresno State
69.4%
2013
Lehigh
67.8%
2012
Vanderbilt
66.7%
2012
Vanderbilt
66.7%
2016
Vanderbilt
66.7%
2016
Vanderbilt
66.7%
2010
Iowa State
66.5%
2012
Iowa State
66.5%
2011
Congo
66.2%
2013
New Mexico
65.5%
2016
Croatia
64.8%
2011
Boston College
62.7%
2012
St. John's
61.1%
2015
Georgia State
58.7%
2011
Purdue
58.5%
2014
Switzerland
58%
2012
Oregon State
57.6%
2010
Clemson
56.2%
2011
Morehead State
56.2%
2015
Wyoming
54.6%
2014
Stanford
53.9%
2014
Bosnia and Herzegovina
51%
2010
Memphis
49.6%
2010
Virginia Commonwealth
49.2%
2015
Murray State
48.9%
2011
Cleveland State
46.9%
2010
Nevada
46.8%
2010
Xavier
46.8%
2016
New Mexico State
46.6%
2016
Saint Joseph's
44.1%
2014
Louisiana Lafayette
43.3%
2012
Mississippi State
39.8%
2011
Czech Republic
38.5%
2012
St. Bonaventure
35.6%
2010
South Florida
26.1%
Quiz Playlist
Details
Report
Send in Message
Add To Playlist
Classic:
Type in answers that appear in a list
Last Updated: Feb 16, 2017
Quiz Scoreboard
CHALLENGE
Sign Up to Join the Scoreboard
Show All
Scores
Hide
Comments
May contain spoilers
Recently Published
Presidents Visiting Landmarks
by Hejman
History
7m
An Introduction to Baseball
by treessimontrees
Sports
5m
Movies - When Are They Set?
by FPL_Elf
Movies
5m
More to Explore
Quiz From the Vault
Featured Blog Post
Where Did the Easter Bunny Come From?
hide this ad
You Might Also Like...
Tags
Basketball Quiz
NBA Quiz
Alma Maters
NBA Draft
Today's Top Quizzes in Sports
Browse Sports
hide this ad
Today's Top Quizzes in Basketball
Browse Basketball
Top Contributed Quizzes in Sports
1
Les meilleurs buteurs des matchs entre le PSG et l’OM
2
2022 World Cup Stars
3
FIFA Club World Cup Champions
4
Les entraîneurs de l'OM et du PSG au 21e siècle
5
Name the Premier League winners with different clubs
6
5-to-1: UK Sports Teams
7
La finale Lions - Afrique du Sud 2021
8
Criteria MLB: Left Handed Sluggers
9
AFC Teams Reveal (Wrong Answers Minefield)
10
England Test cricketers to play under Nasser Hussain
Explore More
Trending Topics
Kpop
Disney
NBA
Marvel
Harry Potter
Crossword
Anime
Country
The Office
NFL
Puzzle
Pokémon
WWE
Soccer
Song
hide this ad
More By:
reedgaston
Quiz
Plays
Rating
Category
Featured
Created
Colleges/Countries of NBA 1st Rd Draft Picks Since 2010
571
2.91
Sports
Jul 28, 2016
Clemson Basketball Rosters 07-08 and 08-09
26
5.00
Sports
Jul 28, 2016
Go to Creator's Profile
Score Distribution
Quiz Creator Spotlight
reedgaston
Follow
Send a Message
Quizzes Created
-
Created Quiz Play Count
-
More By This Creator
Popular Quizzes Today
1
Find the US States - No Outlines Minefield
2
Find the Countries of Europe - No Outlines Minefield
3
The Countries of the World
4
Find the US States
5
Popular People in 1961
6
US States
7
Risky Map Clicking: Biggest States A-Z
8
Movies - When Are They Set?
More Sports Quizzes
Can you name the Top Irish & UK PL scorers per team
Curator's Pick
Trending Quizzes
Risky Map Clicking: Least Populous States A-Z
1-10 Letter G Words
1-10 Letter F Words
Risky Map Clicking: Next State Alphabetically
Risky Map Clicking: Biggest States A-Z
Recently Updated
Leaping Animals
pecheneg
Reality TV Shows (A-Z)
bhenderson79
Rickey Henderson's Hall of Fame Teammates
pecheneg
Champions League XIs: Arsenal
pecheneg
Quick Pick: Celebrities in WWE's Hall of Fame
aduchscher
A-Z Keypad Blitz II
pecheneg
Multiple Oscar Actors
pecheneg
Mystery Phrase Blitz: Oscar 'Best Actors'
pecheneg
F. Scott Fitzgerald Novels
LTH
Pick 3 Villains
ddd62291
Trending Topics
Anime
Marvel
NBA
Disney
Crossword
Kpop
Harry Potter
The Office
Pokémon
NFL
Country
Soccer
Puzzle
WWE
Song
Your Account Isn't Verified!
In order to create a playlist on Sporcle, you need to verify the email address you used during registration. Go to your
Sporcle Settings
to finish the process.
Report this User
Report this user for behavior that violates our
Community Guidelines
.
Details:
Send Report
Go to the Sporcle.com Mobile Site →
Comments